|
|
|
|
| LEADER |
01000caa a2200265 c 4500 |
| 001 |
625029151 |
| 003 |
DE-627 |
| 005 |
20241127181153.0 |
| 007 |
tu |
| 008 |
100429s2010 xx ||||| 00| ||ger c |
| 035 |
|
|
|a (DE-627)625029151
|
| 035 |
|
|
|a (DE-576)428802648
|
| 035 |
|
|
|a (DE-599)GBV625029151
|
| 040 |
|
|
|a DE-627
|b ger
|c DE-627
|e rakwb
|
| 041 |
|
|
|a ger
|
| 100 |
1 |
|
|a Elkar, Rainer S.
|d 1945-
|e verfasserin
|0 (DE-588)105575086X
|0 (DE-627)793797217
|0 (DE-576)411238639
|4 aut
|
| 245 |
1 |
4 |
|a Die Juden und das Silber
|b eine Studie zum Spannungsverhältnis zwischen Reichsrecht und Wirtschaftspraxis im 17. und 18. Jahrhundert
|c Rainer S. Elkar
|
| 264 |
|
1 |
|c 2010
|
| 336 |
|
|
|a Text
|b txt
|2 rdacontent
|
| 337 |
|
|
|a ohne Hilfsmittel zu benutzen
|b n
|2 rdamedia
|
| 338 |
|
|
|a Band
|b nc
|2 rdacarrier
|
| 500 |
|
|
|a Zsfassung in engl. Sprache
|
| 648 |
|
7 |
|8 1.9\x
|a 1600-1799
|2 stw
|
| 650 |
|
7 |
|8 1.1\x
|a Juden
|0 (DE-627)09136938X
|0 (DE-2867)15923-5
|2 stw
|
| 650 |
|
7 |
|8 1.2\x
|a Ethnische Gruppe
|0 (DE-627)091358221
|0 (DE-2867)15918-5
|2 stw
|
| 650 |
|
7 |
|8 1.3\x
|a Silber
|0 (DE-627)091389380
|0 (DE-2867)14308-2
|2 stw
|
| 650 |
|
7 |
|8 1.4\x
|a Wirtschaftsgeschichte
|0 (DE-627)091400961
|0 (DE-2867)15706-6
|2 stw
|
| 650 |
|
7 |
|8 1.5\x
|a Geldgeschichte
|0 (DE-627)091362210
|0 (DE-2867)11416-0
|2 stw
|
| 650 |
|
7 |
|8 1.6\x
|a Handel
|0 (DE-627)091365090
|0 (DE-2867)13210-3
|2 stw
|
| 650 |
|
7 |
|8 1.7\x
|a Geschichte
|0 (DE-627)09136311X
|0 (DE-2867)15690-2
|2 stw
|
| 650 |
|
7 |
|8 1.8\x
|a Deutschland (bis 1945)
|0 (DE-627)091420334
|0 (DE-2867)16834-6
|2 stw
|
| 773 |
0 |
8 |
|i In
|t Vierteljahrschrift für Sozial- und Wirtschaftsgeschichte
|d Stuttgart : Steiner, 1903
|g 97(2010), 1, Seite 3-38
|w (DE-627)129459623
|w (DE-600)200400-8
|w (DE-576)01482342X
|x 0042-5699
|7 nnas
|
| 773 |
1 |
8 |
|g volume:97
|g year:2010
|g number:1
|g pages:3-38
|
| 889 |
|
|
|w (DE-627)1629934224
|
| 912 |
|
|
|a GBV_USEFLAG_U
|
| 912 |
|
|
|a GBV_ILN_21
|
| 912 |
|
|
|a ISIL_DE-46
|
| 912 |
|
|
|a SYSFLAG_1
|
| 912 |
|
|
|a GBV_KXP
|
| 912 |
|
|
|a GBV_ILN_11
|
| 912 |
|
|
|a GBV_ILN_20
|
| 912 |
|
|
|a GBV_ILN_22
|
| 912 |
|
|
|a GBV_ILN_24
|
| 912 |
|
|
|a GBV_ILN_26
|
| 912 |
|
|
|a GBV_ILN_31
|
| 912 |
|
|
|a GBV_ILN_39
|
| 912 |
|
|
|a GBV_ILN_40
|
| 912 |
|
|
|a GBV_ILN_50
|
| 912 |
|
|
|a GBV_ILN_60
|
| 912 |
|
|
|a GBV_ILN_62
|
| 912 |
|
|
|a GBV_ILN_63
|
| 912 |
|
|
|a GBV_ILN_65
|
| 912 |
|
|
|a GBV_ILN_69
|
| 912 |
|
|
|a GBV_ILN_70
|
| 912 |
|
|
|a GBV_ILN_72
|
| 912 |
|
|
|a GBV_ILN_92
|
| 912 |
|
|
|a GBV_ILN_100
|
| 912 |
|
|
|a GBV_ILN_104
|
| 912 |
|
|
|a GBV_ILN_110
|
| 912 |
|
|
|a GBV_ILN_113
|
| 912 |
|
|
|a GBV_ILN_120
|
| 912 |
|
|
|a GBV_ILN_130
|
| 912 |
|
|
|a GBV_ILN_131
|
| 912 |
|
|
|a GBV_ILN_162
|
| 912 |
|
|
|a GBV_ILN_176
|
| 912 |
|
|
|a GBV_ILN_193
|
| 912 |
|
|
|a GBV_ILN_203
|
| 912 |
|
|
|a GBV_ILN_227
|
| 912 |
|
|
|a GBV_ILN_267
|
| 912 |
|
|
|a GBV_ILN_285
|
| 912 |
|
|
|a GBV_ILN_350
|
| 912 |
|
|
|a GBV_ILN_365
|
| 912 |
|
|
|a GBV_ILN_640
|
| 912 |
|
|
|a GBV_ILN_665
|
| 912 |
|
|
|a GBV_ILN_694
|
| 912 |
|
|
|a GBV_ILN_737
|
| 912 |
|
|
|a GBV_ILN_754
|
| 912 |
|
|
|a GBV_ILN_2004
|
| 912 |
|
|
|a GBV_ILN_2005
|
| 912 |
|
|
|a GBV_ILN_2006
|
| 912 |
|
|
|a GBV_ILN_2007
|
| 912 |
|
|
|a GBV_ILN_2008
|
| 912 |
|
|
|a GBV_ILN_2009
|
| 912 |
|
|
|a GBV_ILN_2010
|
| 912 |
|
|
|a GBV_ILN_2011
|
| 912 |
|
|
|a GBV_ILN_2012
|
| 912 |
|
|
|a GBV_ILN_2015
|
| 912 |
|
|
|a GBV_ILN_2016
|
| 912 |
|
|
|a GBV_ILN_2018
|
| 912 |
|
|
|a GBV_ILN_2020
|
| 912 |
|
|
|a GBV_ILN_2025
|
| 912 |
|
|
|a GBV_ILN_2026
|
| 912 |
|
|
|a GBV_ILN_2027
|
| 912 |
|
|
|a GBV_ILN_2031
|
| 912 |
|
|
|a GBV_ILN_2032
|
| 912 |
|
|
|a GBV_ILN_2035
|
| 912 |
|
|
|a GBV_ILN_2037
|
| 912 |
|
|
|a GBV_ILN_2046
|
| 912 |
|
|
|a GBV_ILN_2056
|
| 912 |
|
|
|a GBV_ILN_2175
|
| 912 |
|
|
|a GBV_ILN_2211
|
| 912 |
|
|
|a GBV_ILN_2301
|
| 912 |
|
|
|a GBV_ILN_2309
|
| 912 |
|
|
|a GBV_ILN_2489
|
| 912 |
|
|
|a GBV_ILN_2505
|
| 912 |
|
|
|a GBV_ILN_2579
|
| 912 |
|
|
|a GBV_ILN_4012
|
| 912 |
|
|
|a GBV_ILN_4027
|
| 912 |
|
|
|a GBV_ILN_4028
|
| 912 |
|
|
|a GBV_ILN_4029
|
| 912 |
|
|
|a GBV_ILN_4035
|
| 912 |
|
|
|a GBV_ILN_4036
|
| 912 |
|
|
|a GBV_ILN_4037
|
| 912 |
|
|
|a GBV_ILN_4046
|
| 912 |
|
|
|a GBV_ILN_4112
|
| 912 |
|
|
|a GBV_ILN_4125
|
| 912 |
|
|
|a GBV_ILN_4126
|
| 912 |
|
|
|a GBV_ILN_4193
|
| 912 |
|
|
|a GBV_ILN_4238
|
| 912 |
|
|
|a GBV_ILN_4246
|
| 912 |
|
|
|a GBV_ILN_4253
|
| 912 |
|
|
|a GBV_ILN_4261
|
| 912 |
|
|
|a GBV_ILN_4277
|
| 912 |
|
|
|a GBV_ILN_4302
|
| 912 |
|
|
|a GBV_ILN_4305
|
| 912 |
|
|
|a GBV_ILN_4306
|
| 912 |
|
|
|a GBV_ILN_4309
|
| 912 |
|
|
|a GBV_ILN_4310
|
| 912 |
|
|
|a GBV_ILN_4311
|
| 912 |
|
|
|a GBV_ILN_4314
|
| 912 |
|
|
|a GBV_ILN_4315
|
| 912 |
|
|
|a GBV_ILN_4316
|
| 912 |
|
|
|a GBV_ILN_4317
|
| 912 |
|
|
|a GBV_ILN_4318
|
| 912 |
|
|
|a GBV_ILN_4319
|
| 912 |
|
|
|a GBV_ILN_4320
|
| 912 |
|
|
|a GBV_ILN_4321
|
| 912 |
|
|
|a GBV_ILN_4323
|
| 912 |
|
|
|a GBV_ILN_4325
|
| 912 |
|
|
|a GBV_ILN_4326
|
| 912 |
|
|
|a GBV_ILN_4334
|
| 912 |
|
|
|a GBV_ILN_4346
|
| 912 |
|
|
|a GBV_ILN_4367
|
| 912 |
|
|
|a GBV_ILN_4700
|
| 912 |
|
|
|a GBV_ILN_22
|
| 912 |
|
|
|a ISIL_DE-18
|
| 912 |
|
|
|a GBV_ILN_22_i30908
|
| 912 |
|
|
|a GBV_ILN_26
|
| 912 |
|
|
|a ISIL_DE-206
|
| 912 |
|
|
|a GBV_ILN_50
|
| 912 |
|
|
|a ISIL_DE-23
|
| 912 |
|
|
|a GBV_ILN_2489
|
| 912 |
|
|
|a ISIL_DE-F186
|
| 935 |
|
|
|i mdedup
|
| 951 |
|
|
|a AR
|
| 952 |
|
|
|d 97
|j 2010
|e 1
|h 3-38
|
| 980 |
|
|
|2 21
|1 01
|x 0046
|b 1188229745
|y xza
|z 15-10-10
|
| 980 |
|
|
|2 22
|1 01
|x 0018
|b 1169086578
|y xi30908
|z 22-06-10
|
| 980 |
|
|
|2 26
|1 01
|x 0206
|b 1157713572
|y z1k
|z 03-05-10
|
| 980 |
|
|
|2 50
|1 01
|x 0023
|b 1160925151
|h Aufsatzdoku
|y x
|z 10-05-10
|
| 980 |
|
|
|2 2489
|1 01
|x DE-F186
|a 97.2010,1
|b 3278625021
|c 00
|f --%%--
|d Zs Wi 2
|e p
|j --%%--
|y l01
|z 17-03-15
|
| 982 |
|
|
|2 2489
|1 01
|x DE-F186
|8 00
|s s
|a Juden
|
| 982 |
|
|
|2 2489
|1 01
|x DE-F186
|8 00
|s s
|a Silber
|
| 982 |
|
|
|2 2489
|1 01
|x DE-F186
|8 00
|s s
|a Geschichte 1600-1800
|
| 982 |
|
|
|2 2489
|1 01
|x DE-F186
|8 00
|s s
|a Rechtsgeschichte
|
| 983 |
|
|
|2 2489
|1 01
|x DE-F186
|8 00
|a LK 92430
|
| 995 |
|
|
|2 50
|1 01
|x 0023
|a Aufsatzdoku
|